00937nam a2200193 a 450000100100000000500170001000800410002704000250006808200160009311000990010924500540020826000700026230000200033259000260035295201140037895201190049295201150061199900170072600004703020240304103305.0180412s2001 dr r 000 0 spa d aDO-SdBNPbspacBNPHU axxxxbR426n1 aRepública Dominicana.b Secretaría de Estado de Medio Ambiente y Recursos Naturales91450310aNormas técnicas para planes de manejo forestal. aSanto Domingo :bsecretaría de estado de Medio Ambiente,c2001. a45 p. ;c22 cm. aInventariado, 2018/BT 0010718PDaPDbPDcHDd2018-04-12iLF1l0oxxxx R426np47030-10r2020-06-25w2020-06-25yLFPDZNo se presta 0010718PDaPDbPDcHDd2018-12-12iLF1l0oxxxx R426np47030-20r2020-06-25te.2w2020-06-25yLFPDZNo se presta 00107-18PDaPDbPDcOId2018-04-12iLF1l0oxxxx R426np47031-10r2020-06-25w2020-06-25yLFPDZNo se presta c46518d46518